000 00848nam a2200241 a 4500
001 vtls003248631
003 MY-SjTCS
005 20200226115726.0
008 121212s2012 enka b 001 0 eng
020 _a9780789037046 (hbk.)
020 _a0789037041 (hbk.)
039 9 _a201302180954
_bwilmina
_c201302180953
_dwilmina
_y201212121428
_zmalathy
082 0 4 _a338.4791072
_bROU 2012
245 0 4 _aThe Routledge handbook of tourism research /
_cedited by Cathy H.C. Hsu and William C. Gartner.
260 _aLondon ;
_aNew York :
_bRoutledge,
_cc2012.
300 _axxxiv, 431 p. :
_bill. ;
_c26 cm.
490 0 _aRoutledge handbooks
504 _aIncludes bibliographical references and index.
650 0 _aTourism
_xResearch.
_911902
700 1 _aHsu, Cathy H. C.
_917260
700 1 _aGartner, William C.
_911757
920 _aUWE : 193348
999 _c152743